Appunti di numismatica alessandrina.

Saved in:

Main Author: Dattari, Giovanni, 1853 or 1858-1923 (Author)

Format: Book

Language: Italian

Published: Milano : L.F. Cogliati, 1901-1903.

Subjects:

Tags: Add Tag

No Tags, Be the first to tag this record!

Call Number: CJ1073 .A4 D34 1901-1903

LEADER 00785namaa2200229 4500
001 12117
003 OSt
005 20240821112322.0
008 130303m19011903it a 000 0 ita d
952 |0 0  |1 0  |2 lcc  |4 0  |6 CJ1073 A4 D34 01901-01903  |7 1  |9 57741  |a ARCE  |b ARCE  |d 2023-12-14  |l 0  |o CJ1073 .A4 D34 1901-1903  |p 1013602  |r 2023-12-14 00:00:00  |w 2023-12-14  |y BK 
999 |c 10589  |d 10589 
040 |c ARCE Library 
043 |a f-ua--- 
050 4 |a CJ1073 .A4 D34 1901-1903 
100 1 |a Dattari, Giovanni,  |d 1853 or 1858-1923,  |e author  |9 28657 
245 1 0 |a Appunti di numismatica alessandrina. 
264 1 |a Milano :  |b L.F. Cogliati,  |c 1901-1903. 
300 |a volumes :   |b incl. tables ;   |c 27 cm. 
555 |a .alaa-sweed 
650 0 |a Numismatics  |z Egypt  |z Alexandria. 
901 |a reviewed 
942 |c BK  |2 lcc